|
|
|
|
| LEADER |
00000cas a2200000 a 4500 |
| 001 |
1/123420 |
| 008 |
210728c2016####gr |||||||||||| ||gre|| |
| 022 |
|
|
|a 24217964
|
| 040 |
|
|
|a GR-MyUa
|b gre
|c GR-MyUa
|e AACR2
|
| 041 |
0 |
|
|a gre
|
| 082 |
7 |
|
|a 889.4
|2 (23)
|
| 245 |
0 |
0 |
|a Διόραμα διμηνιαίο περιοδικό τεχνών και πολιτισμού :
|h [περιοδικό]
|b επιμέλεια ύλης και έκδοσης : Ανδρέας Χατζηθωμάς /
|c Διόραμα.
|
| 260 |
|
|
|a Λευκωσία :
|b Διόραμα,
|c 2016-
|
| 300 |
|
|
|a τ. :
|b εγχρ. εικ. ;
|c 31 εκ.
|
| 310 |
|
|
|a Διμηνιαίο,
|b 2016-
|
| 500 |
|
|
|a Το παράρτημα βιβλιοθήκης Ρόδου έχει στο αρχείο του μόνο το τεύχος 19 (Ιούλιος- Αύγουστος 2018).
|
| 650 |
|
0 |
|a Arts
|x Periodicals.
|
| 650 |
|
0 |
|a Arts, Greek
|y 20th century.
|
| 920 |
|
|
|a Χριστοδουλίδου
|b Λουίζα
|y Ρόδος
|z 2021/06
|
| 922 |
|
|
|a 4ΕΛΗ
|b 07/2021
|
| 970 |
|
|
|a Σιδερή
|b Νεκταρία
|z 2021/07/28
|